000 00770nam a2200217Ii 4500
003 JO-AjNU
008 230605s9999||||xx |||||||||||||| ||und||
017 _a2007/5/1335
040 _aJO-AjNU
_bara
_erda
_cJO-AjNU
041 _aara
050 1 4 _aPJ5449.J6.Q82 2008
100 3 _aالقضاة،علي منعم,
_eauthor
_952967
245 0 0 _aالصحافة الأردنية وإتفاقيات السلام
250 _aط1
264 3 1 _aعمان: دار كنوز المعرفة العلمية للنشر والتوزيع، 2008
300 _a281ص
336 _atext
_btxt
_2rdacontent
337 _aunmediated
_bn
_2rdamedia
338 _avolume
_bnc
_2rdacarrier
650 4 _aالصحافة العلاقات الدولية - السلام - الأردن
_952968
999 _aA23494
_c27062
_d27062